Társadalmi és gazdasági hálózatok modellezése 7. előadás : diffúziós folyamatok hálózatokon /
Elmentve itt :
| Szerző: | |
|---|---|
| Dokumentumtípus: | Könyv |
| Kulcsszavak: | hálózatok hálóelmélet |
| Tárgyszavak: | |
| Online Access: | http://eta.bibl.u-szeged.hu/774 |
| LEADER | 00837nnm a2200217 i 4500 | ||
|---|---|---|---|
| 001 | eta774 | ||
| 005 | 20181115135915.0 | ||
| 008 | 181115suuuu hu o 0|| hun d | ||
| 040 | |a SZTE Elektronikus Tananyag Archívum |b hun | ||
| 041 | |a hun | ||
| 100 | 1 | |a London András | |
| 245 | 1 | 0 | |a Társadalmi és gazdasági hálózatok modellezése |h [elektronikus dokumentum] : |b 7. előadás : diffúziós folyamatok hálózatokon / |c London András |
| 300 | |a 12 | ||
| 516 | |a Book | ||
| 650 | 4 | |a Természettudományok | |
| 650 | 4 | |a Számítás- és információtudomány | |
| 650 | 4 | |a Számítástudomány, információtudomány és bioinformatika | |
| 650 | 4 | |a Hálózatok | |
| 695 | |a hálózatok | ||
| 695 | |a hálóelmélet | ||
| 856 | 4 | 0 | |u https://eta.bibl.u-szeged.hu/774/1/londonandras_tarsadalmi_gazdasagi_halozatok_07_eloadas.pdf |z Dokumentum-elérés |